Breaking the surface /

Guardat en:
Dades bibliogràfiques
Autor principal: Louganis, Greg
Altres autors: Marcus, Eric
Format: Llibre
Idioma:anglès
Publicat: New York : Random House, 1995
Etiquetes: Afegir etiqueta
Sense etiquetes, Sigues el primer a etiquetar aquest registre!

MARC

LEADER 00000nam a22000007i 4500
001 IT\ICCU\UBO\4023474
003 ItRI
005 20260115231819.0
008 130711s1995 xxu|||||| ||||| |||||c
020 |a 0679437037 
040 |b ita  |c importazione bologna sebina 
041 7 |a eng  |2 ISO-639-2 
100 1 |a Louganis, Greg  |0 IT\ICCU\UBOV\357252 
245 1 0 |a Breaking the surface /  |c Greg Louganis ; with Eric Marcus. 
260 |a New York :  |b Random House,  |c 1995 
300 |a xiv, 290 p. :  |b ill. ;  |c 25 cm. 
700 1 |a Marcus, Eric  |0 IT\ICCU\LO1V\305612 
790 1 |a Louganis, Gregory Efthimios  |3 IT\ICCU\UBOV\357258  |z Louganis, Greg 
942 |2 ddc  |c BK  |n 0 
952 |0 0  |1 0  |4 0  |6 DOC_306_766000000000000_LOU  |7 0  |9 13344  |a BO  |b BO  |d 2026-01-15  |i 17028  |l 0  |o DOC 306.766 LOU  |p BO17028  |r 2026-01-15 23:18:19  |w 2026-01-15  |x [Sebina 5] [1 v.]  |y BK  |z 1 v. 
999 |c 11463  |d 11463